Science Quiz

Random Science or Blitz Quiz

Element 'N'-dings Blitz Quiz Stats

Quiz Updated Dec 1, 2016

Also try: 4-Letter Elements
Challenge
Share
Tweet
Embed
Score 0/15 Timer 01:00
4 Plays Today
% Correct
Oxygen
80.6%
Hydrogen
77.6%
Neon
76.5%
Carbon
73.2%
Nitrogen
73.1%
Boron
71%
Argon
69.9%
Xenon
65.9%
% Correct
Radon
63%
Krypton
58.3%
Tin
48.2%
Iron
46.6%
Silicon
35%
Tungsten
27.5%
Oganesson
14.9%

You're not logged in!

Compare scores with friends on all Sporcle quizzes.
Join for Free
OR
Log In

You Might Also Like...

Show Comments

Extras

Top Quizzes Today


Score Distribution

Your Account Isn't Verified!

In order to create a playlist on Sporcle, you need to verify the email address you used during registration. Go to your Sporcle Settings to finish the process.

Report this User

Report this user for behavior that violates our Community Guidelines.

Details: